La justa causa de la libertad / (Registro nro. 15849)

Detalles MARC
000 -CABECERA
campo de control de longitud fija 02167nam a2200409 a 4500
001 - NÚMERO DE CONTROL
campo de control 000024016
003 - IDENTIFICADOR DEL NÚMERO DE CONTROL
campo de control DO-SdBPM
005 - FECHA Y HORA DE LA ÚLTIMA TRANSACCIÓN
campo de control 20260519105250.0
007 - CAMPO FIJO DE DESCRIPCIÓN FÍSICA--INFORMACIÓN GENERAL
campo de control de longitud fija ta
008 - DATOS DE LONGITUD FIJA--INFORMACIÓN GENERAL
campo de control de longitud fija 110118s2018 dr 001 0 spa d
020 ## - NÚMERO INTERNACIONAL ESTÁNDAR DEL LIBRO
Número Internacional Estándar del Libro 9789945884167
040 ## - FUENTE DE LA CATALOGACIÓN
Centro catalogador/agencia de origen DO-SdBPM
Lengua de catalogación spa
Centro/agencia transcriptor BPMSU
Normas de descripción rda
082 04 - NÚMERO DE LA CLASIFICACIÓN DECIMAL DEWEY
Número de clasificación 341.42
Número de documento/Ítem R426j 2018
Número de edición 22
100 1# - ENTRADA PRINCIPAL--NOMBRE DE PERSONA
Nombre de persona
110 1# - ENTRADA PRINCIPAL--NOMBRE DE ENTIDAD CORPORATIVA
Nombre de entidad corporativa o nombre de jurisdicción como elemento de entrada República Dominicana.
Unidad subordinada Tribunal Constitucional
245 13 - MENCIÓN DE TÍTULO
Título La justa causa de la libertad /
Mención de responsabilidad, etc. colaboradores : Juan Daniel Balcácer, : Justo Pedro Castellanos Khoury ; presentación : Milton Ray Guevara ; prólogo : Juan Daniel Balcácer
264 ## - PRODUCCIÓN, PUBLICACIÓN, DISTRIBUCIÓN, FABRICACIÓN Y COPYRIGHT
Producción, publicación, distribución, fabricación y copyright Santo Domingo :
Nombre del de productor, editor, distribuidor, fabricante Tribunal Constitucional de la República Dominicana,
Fecha de producción, publicación, distribución, fabricación o copyright 2018
300 ## - DESCRIPCIÓN FÍSICA
Extensión 58 + [32] páginas :
Otras características físicas ilustraciones ;
Dimensiones 22 cm.
336 ## - TIPO DE CONTENIDO
Término de tipo de contenido texto
Código de tipo de contenido txt
Fuente rdacontent
337 ## - TIPO DE MEDIO
Nombre/término del tipo de medio sin mediación
Código del tipo de medio n
Fuente rdamedia
338 ## - TIPO DE SOPORTE
Nombre/término del tipo de soporte volumen
Código del tipo de soporte nc
Fuente rda
505 0# - NOTA DE CONTENIDO CON FORMATO
Nota de contenido con formato Palabras de presentación / Milton Ray Guevara, 11.-- A manera de prólogo / Juan Daniel Balcácer, 17.-- Manifiesto del 16 de enero de 1844, 27.-- Proyecto de Ley Fundamental, de Juan Pablo Duarte, 47.-- Anexo I. Fotografías del ejemplar original del proyecto de Ley Fundamental, de Juan Pablo Duarte, 59.-- Anexo II. Fotografías de la transcripción original del Manifiesto del 16 de enero de 1844, 77.-- Anexo III. Fotografías de la Resolución No. TC/ 0003/ 12, del 11 de diciembre de 2012, del Tribunal Constitucional de la República Dominicana, mediante la cual se declara a Juan Pablo Duarte como primer constitucionalista dominicano, 89
590 ## - NOTA LOCAL (RLIN)
Nota local Inventariado, 2026/VM
650 #7 - PUNTO DE ACCESO ADICIONAL DE MATERIA--TÉRMINO DE MATERIA
Término de materia o nombre geográfico como elemento de entrada Autodeterminación nacional
Subdivisión geográfica República Dominicana
650 #7 - PUNTO DE ACCESO ADICIONAL DE MATERIA--TÉRMINO DE MATERIA
Término de materia o nombre geográfico como elemento de entrada Nacionalismo
Subdivisión geográfica República Dominicana
651 #7 - PUNTO DE ACCESO ADICIONAL DE MATERIA--NOMBRE GEOGRÁFICO
Nombre geográfico República Dominicana
Subdivisión general Límites
-- Historia
Subdivisión cronológica
Subdivisión de forma
700 1# - PUNTO DE ACCESO ADICIONAL--NOMBRE DE PERSONA
Nombre de persona Balcácer, Juan Daniel
Término indicativo de función/relación Colaborador
700 1# - PUNTO DE ACCESO ADICIONAL--NOMBRE DE PERSONA
Nombre de persona Castellanos Khoury, Justo Pedro
Término indicativo de función/relación Colaborador
700 1# - PUNTO DE ACCESO ADICIONAL--NOMBRE DE PERSONA
Nombre de persona Ray Guevara, Milton
Término indicativo de función/relación presentación
700 1# - PUNTO DE ACCESO ADICIONAL--NOMBRE DE PERSONA
Nombre de persona Balcácer, Juan Daniel
Término indicativo de función/relación prólogo
910 ## - DATOS DE OPCIÓN DEL USUARIO (OCLC)
Datos de opción del usuario VMateo V. Control de calidad BPMSU
930 ## - EQUIVALENCIA O REFERENCIA CRUZADA-ENCABEZAMIENTO DE TÍTULO UNIFORME [LOCAL, CANADÁ]
Lenguaje de la obra
Medio de interpretación para música
Enlace entre campo y número de secuencia
Fecha de publicación/de la obra
Nombre de parte o sección de la obra
Información miscelánea
930 ## - EQUIVALENCIA O REFERENCIA CRUZADA-ENCABEZAMIENTO DE TÍTULO UNIFORME [LOCAL, CANADÁ]
Lenguaje de la obra
Medio de interpretación para música
Enlace entre campo y número de secuencia
Fecha de publicación/de la obra
Nombre de parte o sección de la obra
Información miscelánea
930 ## - EQUIVALENCIA O REFERENCIA CRUZADA-ENCABEZAMIENTO DE TÍTULO UNIFORME [LOCAL, CANADÁ]
Lenguaje de la obra
Medio de interpretación para música
Enlace entre campo y número de secuencia
Fecha de publicación/de la obra
Nombre de parte o sección de la obra
Información miscelánea
Medio
942 ## - ELEMENTOS DE PUNTO DE ACCESO ADICIONAL (KOHA)
Fuente del sistema de clasificación o colocación Dewey Decimal Classification
Tipo de ítem Koha Libros
956 ## - LOCALIZACIÓN Y ACCESO ELECTRÓNICOS LOCAL (OCLC)
Nombre del host
Número de acceso
Información sobre la compresión
Proceso de conexión (Logon)
Procesador de la petición
Existencias
Estado de retiro Estado de pérdida Fuente del sistema de clasificación o colocación No para préstamo Código de colección Localización permanente Ubicación/localización actual Fecha de adquisición Total de préstamos Signatura topográfica completa Código de barras Fecha visto por última vez Precio válido a partir de Tipo de ítem Koha
    Dewey Decimal Classification   Colección Dominicana Biblioteca Pública Metropolitana Salomé Ureña Biblioteca Pública Metropolitana Salomé Ureña 05/19/2026   BPMSU CD 341.42 R426j 2018 BPMSU26050077 05/19/2026 05/19/2026 Libros